Music Quiz

Random Music or Song Quiz
Score 0/12 Timer 04:00
0 Plays Today
Songs % Correct
Holding On To You
94.5%
Trees
94.4%
Ode To Sleep
93.6%
Truce
91.9%
Car Radio
91%
Migraine
90.4%
House Of Gold
90.1%
Guns For Hands
88.6%
Semi-Automatic
86%
Screen
85.5%
Fake You Out
83.5%
The Run And Go
82%
Remove Ads.
Support Sporcle.
Get the best of Sporcle when you Go Orange. This ad-free experience offers more features, more stats, and more fun while also helping to support Sporcle. Thank you for becoming a member.

You're not logged in!

Compare scores with friends on all Sporcle quizzes.
OR
Log In

Show Comments

Extras

Top Quizzes Today


Score Distribution

Your Account Isn't Verified!

In order to create a playlist on Sporcle, you need to verify the email address you used during registration. Go to your Sporcle Settings to finish the process.

Report this User

Report this user for behavior that violates our Community Guidelines.

Details: